| 000 | 00655nam a2200253Ia 4500 | ||
|---|---|---|---|
| 008 | 180313s9999 xx 000 0 und d | ||
| 020 | _a9789810950248 | ||
| 050 | _bER M538 2015 | ||
| 100 | _aMendicino, Valentina | ||
| 245 | 4 | _aThe eating monster : | |
| 245 | _bwith the see-through tummy / | ||
| 245 | _cby Valentina Mendicino. | ||
| 260 | _aNew York, New York : | ||
| 260 | _bScholastic Inc., | ||
| 260 | _c2015 | ||
| 300 | _aunpaged : | ||
| 300 | _bcolored illustrations ; | ||
| 300 | _c25cm. | ||
| 650 | _aChildren's stories. | ||
| 650 | _aMonsters -- | ||
| 650 | _aMonsters. | ||
| 650 | _xJuvenile fiction. | ||
| 700 | _aTitle. | ||
| 999 |
_c356267 _d356267 |
||